[Event "BL2-Nord 1011"]
[Site "Germany"]
[Date "2011.04.10"]
[Round "9.6"]
[White "Weber, Siegfried"]
[Black "Holzmann, Joerg"]
[Result "0-1"]
[WhiteElo "2304"]
[BlackElo "2133"]
[PlyCount "30"]
[EventDate "2010.10.10"]
[EventType "team-tourn"]
[EventRounds "9"]
[EventCountry "GER"]
[SourceTitle "EXT 2012"]
[Source "ChessBase"]
[SourceDate "2011.11.24"]
[SourceVersion "1"]
[SourceVersionDate "2011.11.24"]
[SourceQuality "1"]
[WhiteTeam "Berlin 1903 II"]
[BlackTeam "Rostock SSC 07"]
[WhiteTeamCountry "GER"]
[BlackTeamCountry "GER"]

1. e4 c5 2. Nf3 e6 3. d4 cxd4 4. Nxd4 a6 5. Be2 Nf6 6. Nd2 Qc7 7. 0-0 d6 8. Re1 Nbd7 9. a4 b6 10. Ra3 Bb7 11. Rc3 Qd8 12. b3 d5 13. exd5 Nxd5 14. Rg3 Bd6 15. Rxg7 Bxh2+ 0-1

[Event "BL2-Nord 1011"]
[Site "Germany"]
[Date "2011.01.16"]
[Round "5.7"]
[White "Doberitz, Paul"]
[Black "Weber, Siegfried"]
[Result "1-0"]
[WhiteElo "2221"]
[BlackElo "2304"]
[PlyCount "55"]
[EventDate "2010.10.10"]
[EventType "team-tourn"]
[EventRounds "9"]
[EventCountry "GER"]
[SourceTitle "EXT 2012"]
[Source "ChessBase"]
[SourceDate "2011.11.24"]
[SourceVersion "1"]
[SourceVersionDate "2011.11.24"]
[SourceQuality "1"]
[WhiteTeam "Hamburger SK II"]
[BlackTeam "Berlin 1903 II"]
[WhiteTeamCountry "GER"]
[BlackTeamCountry "GER"]

1. e4 e6 2. d4 d5 3. Nc3 Bb4 4. e5 c5 5. a3 Bxc3+ 6. bxc3 Ne7 7. Qg4 Ng6 8. h4 h5 9. Qg3 Qa5 10. Bd2 Nc6 11. Bd3 Nce7 12. Nh3 Qa4 13. Bg5 Nf5 14. Qf3 cxd4 15. Bxf5 exf5 16. Qxd5 Be6 17. Qd6 Qc4 18. 0-0-0 Qd5 19. Qb4 a5 20. Qxd4 Qxd4 21. cxd4 Bd5 22. f3 Rc8 23. Rd3 Kd7 24. Kd2 Rc4 25. Rb1 Rhc8 26. Rb2 R4c7 27. Nf2 Ke6 28. g3 1-0

[Event "BL2-Nord 1011"]
[Site "Germany"]
[Date "2010.12.12"]
[Round "4.7"]
[White "Weber, Siegfried"]
[Black "Mueller, Oliver"]
[Result "1-0"]
[WhiteElo "2304"]
[BlackElo "2311"]
[PlyCount "33"]
[EventDate "2010.10.10"]
[EventType "team-tourn"]
[EventRounds "9"]
[EventCountry "GER"]
[SourceTitle "EXT 2012"]
[Source "ChessBase"]
[SourceDate "2011.11.24"]
[SourceVersion "1"]
[SourceVersionDate "2011.11.24"]
[SourceQuality "1"]
[WhiteTeam "Berlin 1903 II"]
[BlackTeam "Werder Bremen II"]
[WhiteTeamCountry "GER"]
[BlackTeamCountry "GER"]

1. Nf3 c5 2. e4 e6 3. g3 Nc6 4. Bg2 Nf6 5. d3 d5 6. Nbd2 Be7 7. 0-0 0-0 8. Re1 dxe4 9. dxe4 e5 10. c3 Qd3 11. Bf1 Qd7 12. Qc2 b6 13. Nc4 Bb7 14. Bg5 Qg4 15. Bxf6 Bxf6 16. Nd6 Qxf3 17. Be2 1-0

[Event "BL2-Nord 0910"]
[Site "Germany"]
[Date "2010.04.11"]
[Round "9.8"]
[White "Meyer, Malte"]
[Black "Weber, Siegfried"]
[Result "1-0"]
[WhiteElo "2294"]
[BlackElo "2320"]
[PlyCount "79"]
[EventDate "2009.10.18"]
[EventType "team-tourn"]
[EventRounds "9"]
[EventCountry "GER"]
[SourceTitle "EXT 2011"]
[Source "ChessBase"]
[SourceDate "2010.11.26"]
[SourceVersion "1"]
[SourceVersionDate "2010.11.26"]
[SourceQuality "1"]
[WhiteTeam "Delmenhorst"]
[BlackTeam "Schachfreunde"]
[WhiteTeamCountry "GER"]
[BlackTeamCountry "GER"]

1. d4 d6 2. g3 e5 3. dxe5 dxe5 4. Qxd8+ Kxd8 5. Bg2 c6 6. Nd2 Be6 7. f4 Nf6 8. Ngf3 exf4 9. gxf4 Nd5 10. Nf1 Bd6 11. e3 Re8 12. Bd2 Kc7 13. 0-0-0 Nd7 14. Re1 f5 15. Nd4 N7f6 16. h4 g6 17. Bf3 Bf7 18. h5 Re7 19. Kb1 Rae8 20. Rc1 Bc5 21. c3 Nb6 22. b3 Bd5 23. Bxd5 Nbxd5 24. hxg6 hxg6 25. Rh6 Rg8 26. c4 Nb4 27. Bxb4 Bxb4 28. Nxf5 Rd7 29. Nd4 Kb6 30. f5 Ba5 31. Re1 Bb4 32. Rc1 Ba3 33. c5+ Bxc5 34. Rxg6 Bxd4 35. Rxg8 Nxg8 36. exd4 Rxd4 37. Ne3 Rf4 38. Rg1 Nf6 39. Rg6 Ne4 40. Nd5+ 1-0

[Event "BL2-Nord 0910"]
[Site "Germany"]
[Date "2010.02.28"]
[Round "7.5"]
[White "Weber, Siegfried"]
[Black "Gottschlich, Carsten"]
[Result "1-0"]
[WhiteElo "2320"]
[BlackElo "2345"]
[PlyCount "105"]
[EventDate "2009.10.18"]
[EventType "team-tourn"]
[EventRounds "9"]
[EventCountry "GER"]
[SourceTitle "EXT 2011"]
[Source "ChessBase"]
[SourceDate "2010.11.26"]
[SourceVersion "1"]
[SourceVersionDate "2010.11.26"]
[SourceQuality "1"]
[WhiteTeam "Schachfreunde"]
[BlackTeam "Goettingen"]
[WhiteTeamCountry "GER"]
[BlackTeamCountry "GER"]

1. d4 Nf6 2. c4 e6 3. Nc3 Bb4 4. f3 d5 5. a3 Bxc3+ 6. bxc3 Nbd7 7. cxd5 exd5 8. e3 0-0 9. Bd3 Re8 10. Ne2 Nf8 11. 0-0 Bd7 12. g4 h5 13. h3 Ng6 14. Nf4 Nxf4 15. exf4 Nh7 16. Ra2 Qh4 17. Rg2 Re7 18. Qc2 Nf6 19. f5 Re1 20. Bf4 Rxf1+ 21. Bxf1 Qe1 22. Qb2 b6 23. Re2 Qd1 24. Bxc7 Rc8 25. Be5 Nh7 26. Bf4 a6 27. Kf2 Qa4 28. Re5 hxg4 29. hxg4 Nf6 30. Bg5 Qc6 31. Bd2 a5 32. Ba6 Ra8 33. Bd3 Rb8 34. Qb1 Qd6 35. Qa2 Rc8 36. g5 Nh5 37. Qxd5 Qc7 38. f4 Bc6 39. Qb3 Kf8 40. Be2 f6 41. Bxh5 fxe5 42. fxe5 Ba8 43. Qe6 Rd8 44. f6 Bd5 45. Qf5 Kg8 46. Bf3 Bxf3 47. Kxf3 Qc4 48. Ke3 Qd5 49. Qg6 Qd7 50. Kf4 Rf8 51. e6 Qd6+ 52. Kf3 Qc6+ 53. Kf2 1-0

[Event "BL2-Nord 0910"]
[Site "Germany"]
[Date "2010.02.07"]
[Round "6.7"]
[White "Wagner, Friedrich"]
[Black "Weber, Siegfried"]
[Result "1-0"]
[WhiteElo "2218"]
[BlackElo "2320"]
[PlyCount "80"]
[EventDate "2009.10.18"]
[EventType "team-tourn"]
[EventRounds "9"]
[EventCountry "GER"]
[SourceTitle "EXT 2011"]
[Source "ChessBase"]
[SourceDate "2010.11.26"]
[SourceVersion "1"]
[SourceVersionDate "2010.11.26"]
[SourceQuality "1"]
[WhiteTeam "Koenigsspringer"]
[BlackTeam "Schachfreunde"]
[WhiteTeamCountry "GER"]
[BlackTeamCountry "GER"]

1. c4 e5 2. g3 Nf6 3. Bg2 c6 4. d4 exd4 5. Qxd4 Na6 6. Nc3 Bc5 7. Qe5+ Be7 8. Nf3 0-0 9. 0-0 Re8 10. Qd4 d5 11. cxd5 cxd5 12. Bg5 Be6 13. Rad1 h6 14. Bxf6 Bxf6 15. Qd2 Qb6 16. e3 Rad8 17. Nd4 Nc5 18. Qc2 Ne4 19. Nxe6 Qxe6 20. Qb3 Bxc3 21. bxc3 b6 22. Rd4 Rc8 23. Qxd5 Qxd5 24. Rxd5 Rxc3 25. Rd7 Ra3 26. Ra1 Re5 27. Rc1 Nf6 28. Rd8+ Kh7 29. Rc2 Rea5 30. Rdd2 R5a4 31. Bc6 Ra5 32. Kg2 h5 33. e4 Kg6 34. h3 h4 35. g4 Kg5 36. Bd5 Kf4 37. Bxf7 Nxe4 38. Rd5 Rxd5 39. Bxd5 Nc5 40. Bf7 Nd3 1-0

[Event "BL2-Nord 0910"]
[Site "Germany"]
[Date "2009.11.28"]
[Round "5.7"]
[White "Weber, Siegfried"]
[Black "Bach, Matthias"]
[Result "1/2-1/2"]
[WhiteElo "2320"]
[BlackElo "2297"]
[PlyCount "66"]
[EventDate "2009.10.18"]
[EventType "team-tourn"]
[EventRounds "9"]
[EventCountry "GER"]
[SourceTitle "EXT 2011"]
[Source "ChessBase"]
[SourceDate "2010.11.26"]
[SourceVersion "1"]
[SourceVersionDate "2010.11.26"]
[SourceQuality "1"]
[WhiteTeam "Schachfreunde"]
[BlackTeam "Hamburger SK"]
[WhiteTeamCountry "GER"]
[BlackTeamCountry "GER"]

1. Nf3 d5 2. g3 c5 3. Bg2 Nc6 4. d4 Nf6 5. 0-0 e6 6. b3 Be7 7. Bb2 Ne4 8. Nbd2 f5 9. e3 0-0 10. dxc5 Bxc5 11. Nd4 Qe7 12. c4 Nb4 13. cxd5 Nd3 14. Qc2 Nxb2 15. Qxb2 exd5 16. N2f3 Bd7 17. a3 a5 18. Rfc1 g5 19. Ne1 Bd6 20. Nd3 f4 21. exf4 gxf4 22. Re1 fxg3 23. fxg3 Rae8 24. Rf1 Qg5 25. Qc1 Rxf1+ 26. Bxf1 Nd2 27. Nf2 Qe5 28. Nc2 Qc3 29. Nd3 Nxf1 30. Qg5+ Kh8 31. Rxf1 Bc5+ 32. Nxc5 Qxc5+ 33. Rf2 Rf8 1/2-1/2

[Event "Oberliga Nord O 0708"]
[Site "Germany"]
[Date "2007.11.25"]
[Round "3.4"]
[White "Sawatzki, Joerg"]
[Black "Weber, Siegfried"]
[Result "0-1"]
[WhiteElo "2230"]
[BlackElo "2324"]
[PlyCount "80"]
[EventDate "2007.10.21"]
[EventType "team-tourn"]
[EventRounds "9"]
[EventCountry "GER"]
[SourceTitle "EXT 2009"]
[Source "ChessBase"]
[SourceDate "2008.11.26"]
[SourceVersion "1"]
[SourceVersionDate "2008.11.26"]
[SourceQuality "1"]
[WhiteTeam "Friesen Lichtenberg"]
[BlackTeam "Berlin SF"]
[WhiteTeamCountry "GER"]
[BlackTeamCountry "GER"]

1. Nf3 Nc6 2. g3 e5 3. d3 d5 4. Bg2 Be6 5. 0-0 Qd7 6. e4 dxe4 7. dxe4 Rd8 8. Qxd7+ Rxd7 9. c3 a5 10. Nbd2 Bc5 11. Ng5 Bg4 12. h3 Bh5 13. Re1 Rd6 14. g4 Bg6 15. Ngf3 Nge7 16. Bf1 Rd7 17. Nc4 f6 18. Nh4 0-0 19. Nf5 Bf7 20. Nxe7+ Bxe7 21. Ne3 Nd8 22. Bc4 Bc5 23. Bxf7+ Nxf7 24. Nc4 Ra8 25. Kg2 a4 26. Be3 Bxe3 27. Rxe3 Ng5 28. Re2 Rd3 29. Rh1 b5 30. Na3 c6 31. Nc2 c5 32. Ne1 Rd1 33. f3 Rad8 34. Rh2 Ra1 35. a3 Rdd1 36. Kf2 Rab1 37. Rh1 Ne6 38. h4 Nf4 39. Rc2 c4 40. Rf1 Rxe1 0-1

[Event "Oberliga Nord O 0506"]
[Site "Germany"]
[Date "2006.02.19"]
[Round "7.2"]
[White "Heinsohn, Michael"]
[Black "Weber, Siegfried"]
[Result "1/2-1/2"]
[WhiteElo "2122"]
[BlackElo "2209"]
[PlyCount "39"]
[EventDate "2005.10.23"]
[EventType "team-tourn"]
[EventRounds "9"]
[EventCountry "GER"]
[SourceTitle "EXT 2007"]
[Source "ChessBase"]
[SourceDate "2006.11.23"]
[SourceVersion "1"]
[SourceVersionDate "2006.11.23"]
[SourceQuality "1"]
[WhiteTeam "Frankfurt Preussen"]
[BlackTeam "Berlin II"]
[WhiteTeamCountry "GER"]
[BlackTeamCountry "GER"]

1. d4 f5 2. g3 Nf6 3. Bg2 g6 4. c4 Bg7 5. Nh3 0-0 6. 0-0 d6 7. d5 Nbd7 8. Nf4 Nc5 9. Nc3 e5 10. dxe6 c6 11. Qc2 Nxe6 12. Nxe6 Bxe6 13. b3 Qe7 14. Ba3 Rad8 15. Rad1 Bc8 16. Rd2 Ng4 17. h3 Ne3 18. fxe3 Qxe3+ 19. Kh2 Qxc3 20. Qxc3 1/2-1/2

[Event "Oberliga Nord O 0506"]
[Site "Germany"]
[Date "2006.01.15"]
[Round "5.3"]
[White "Weber, Siegfried"]
[Black "Federau, Juergen"]
[Result "1/2-1/2"]
[WhiteElo "2209"]
[BlackElo "2220"]
[PlyCount "44"]
[EventDate "2005.10.23"]
[EventType "team-tourn"]
[EventRounds "9"]
[EventCountry "GER"]
[SourceTitle "EXT 2007"]
[Source "ChessBase"]
[SourceDate "2006.11.23"]
[SourceVersion "1"]
[SourceVersionDate "2006.11.23"]
[SourceQuality "1"]
[WhiteTeam "Berlin II"]
[BlackTeam "Kreuzberg III"]
[WhiteTeamCountry "GER"]
[BlackTeamCountry "GER"]

1. e4 c5 2. c3 d5 3. exd5 Qxd5 4. d4 Nf6 5. Nf3 Bg4 6. Be2 e6 7. h3 Bh5 8. 0-0 Nc6 9. Be3 cxd4 10. cxd4 Be7 11. Nc3 Qd7 12. a3 0-0 13. Qb3 Rfd8 14. Rac1 a6 15. Na4 Rab8 16. Nc5 Qc7 17. Qa4 Bxc5 18. Rxc5 Nd5 19. Rfc1 Ra8 20. Qb3 f6 21. Bd2 Qe7 22. Be3 Kh8 1/2-1/2

[Event "Hessen-ch Seniors"]
[Site "Moerlenbach"]
[Date "2004.04.07"]
[Round "6"]
[White "Schwichtenberg, Juergen"]
[Black "Weber, Siegfried"]
[Result "1/2-1/2"]
[WhiteElo "2008"]
[BlackElo "2269"]
[PlyCount "33"]
[EventDate "2004.04.02"]
[EventType "swiss"]
[EventRounds "9"]
[EventCountry "GER"]
[SourceTitle "EXT 2005"]
[Source "ChessBase"]
[SourceDate "2004.11.15"]
[SourceVersion "1"]
[SourceVersionDate "2004.11.15"]
[SourceQuality "1"]

1. b4 d6 2. b5 Nf6 3. Bb2 Nbd7 4. e3 g6 5. Nf3 Bg7 6. c4 0-0 7. Be2 b6 8. 0-0 Bb7 9. d4 c5 10. bxc6 Bxc6 11. d5 Bb7 12. Nbd2 Nc5 13. Qb1 Bc8 14. e4 e5 15. Bd3 Nxd3 16. Qxd3 Nh5 17. a4 1/2-1/2

[Event "Hessen-ch Seniors"]
[Site "Moerlenbach"]
[Date "2004.04.02"]
[Round "1"]
[White "Weber, Siegfried"]
[Black "Bittner, Friedrich"]
[Result "0-1"]
[WhiteElo "2269"]
[BlackElo "2093"]
[PlyCount "54"]
[EventDate "2004.04.02"]
[EventType "swiss"]
[EventRounds "9"]
[EventCountry "GER"]
[SourceTitle "EXT 2005"]
[Source "ChessBase"]
[SourceDate "2004.11.15"]
[SourceVersion "1"]
[SourceVersionDate "2004.11.15"]
[SourceQuality "1"]

1. e4 e5 2. Nf3 Nc6 3. Bc4 Nf6 4. d4 exd4 5. Nxd4 Nxe4 6. Nxc6 bxc6 7. Qe2 d5 8. Bd3 Qe7 9. 0-0 Nf6 10. Re1 Qxe2 11. Rxe2+ Be6 12. Nc3 Bd6 13. Bg5 0-0-0 14. h3 h6 15. Be3 Kb8 16. Na4 Nd7 17. b4 Ka8 18. c3 Ne5 19. Bc2 Bc8 20. Nc5 f6 21. a4 Nc4 22. Bd4 Rhe8 23. Rae1 Rxe2 24. Rxe2 Be5 25. Bb3 Re8 26. Bxc4 dxc4 27. f4 Bxd4+ 0-1

[Event "Oberliga Nord O 0304"]
[Site "Germany"]
[Date "2004.03.28"]
[Round "8.5"]
[White "Jandke, Manfred"]
[Black "Weber, Siegfried"]
[Result "0-1"]
[WhiteElo "2150"]
[BlackElo "2269"]
[PlyCount "80"]
[EventDate "2003.10.12"]
[EventType "team-tourn"]
[EventRounds "9"]
[EventCountry "GER"]
[SourceTitle "EXT 2005"]
[Source "ChessBase"]
[SourceDate "2004.11.15"]
[SourceVersion "1"]
[SourceVersionDate "2004.11.15"]
[SourceQuality "1"]
[WhiteTeam "Cottbus"]
[BlackTeam "Neukoelln II"]
[WhiteTeamCountry "GER"]
[BlackTeamCountry "GER"]

1. Nf3 f5 2. d4 Nf6 3. g3 g6 4. Bg2 Bg7 5. 0-0 0-0 6. c4 d6 7. Nc3 Qe8 8. Qb3 Kh8 9. Rd1 e5 10. dxe5 dxe5 11. Be3 Na6 12. Nb5 Ng4 13. Bg5 e4 14. Rd8 Qf7 15. Rxf8+ Qxf8 16. Rd1 Be6 17. Nfd4 Bg8 18. f3 Ne5 19. Na3 Nc5 20. Qc2 exf3 21. exf3 Re8 22. Bc1 Ned3 23. Nb3 Nxb3 24. axb3 Qc5+ 25. Kf1 Nxc1 26. Qxc1 c6 27. Nb1 b5 28. Na3 b4 29. Nc2 a5 30. f4 a4 31. Bf3 axb3 32. Ne1 Qxc4+ 33. Kg2 Qxc1 34. Rxc1 c5 35. Nd3 c4 36. Nxb4 Bxb2 37. Rb1 Ba3 38. Nd5 Rd8 39. Nc3 Rd2+ 40. Kh3 Bb2 0-1

[Event "Oberliga Nord O 0203"]
[Site "Germany"]
[Date "2003.02.23"]
[Round "7.3"]
[White "Heuer, Thomas"]
[Black "Weber, Siegfried"]
[Result "0-1"]
[WhiteElo "2215"]
[BlackElo "2270"]
[PlyCount "78"]
[EventDate "2002.10.20"]
[EventType "team"]
[EventRounds "9"]
[EventCountry "GER"]
[SourceTitle "EXT 2009"]
[Source "ChessBase"]
[SourceDate "2008.11.26"]
[SourceVersion "1"]
[SourceVersionDate "2008.11.26"]
[SourceQuality "1"]
[WhiteTeam "Koenig Tegel"]
[BlackTeam "Neukoelln "]
[WhiteTeamCountry "GER"]
[BlackTeamCountry "GER"]

1. Nf3 d6 2. d4 g6 3. g3 Bg7 4. Bg2 Nf6 5. b3 0-0 6. Bb2 c6 7. 0-0 Qa5 8. h3 Qh5 9. g4 Qa5 10. Nbd2 Nd5 11. e3 Nd7 12. c4 N5f6 13. Qc2 e5 14. Bc3 Qc7 15. dxe5 dxe5 16. Rfd1 Re8 17. Qb2 a5 18. a3 Re7 19. b4 Ne8 20. c5 f5 21. Bf1 e4 22. Bc4+ Kf8 23. Ng5 Ndf6 24. h4 f4 25. Ngxe4 Rxe4 26. g5 fxe3 27. gxf6 exf2+ 28. Kg2 Rg4+ 29. Kf1 Rg1+ 30. Ke2 Bg4+ 31. Nf3 Bxf3+ 32. Kxf3 Qg3+ 33. Ke2 Qg4+ 34. Kd2 Bh6+ 35. Kc2 Rxd1 36. Rxd1 Qxc4 37. f7 Kxf7 38. bxa5 f1Q 39. Qxb7+ Kg8 0-1

[Event "Oberliga Nord O 0203"]
[Site "Germany"]
[Date "2002.12.15"]
[Round "3.3"]
[White "Weber, Siegfried"]
[Black "Jandke, Manfred"]
[Result "1-0"]
[WhiteElo "2270"]
[BlackElo "2192"]
[PlyCount "51"]
[EventDate "2002.10.20"]
[EventType "team"]
[EventRounds "9"]
[EventCountry "GER"]
[SourceTitle "EXT 2009"]
[Source "ChessBase"]
[SourceDate "2008.11.26"]
[SourceVersion "1"]
[SourceVersionDate "2008.11.26"]
[SourceQuality "1"]
[WhiteTeam "Neukoelln "]
[BlackTeam "Cottbus"]
[WhiteTeamCountry "GER"]
[BlackTeamCountry "GER"]

1. e4 e6 2. d3 d5 3. Nd2 c5 4. g3 Nc6 5. Bg2 Nf6 6. Nh3 dxe4 7. dxe4 e5 8. c3 h6 9. 0-0 Bg4 10. f3 Be6 11. f4 Bg4 12. Qe1 Be7 13. Nc4 Bxh3 14. Bxh3 Qd3 15. Nxe5 Nxe5 16. fxe5 Nh7 17. e6 fxe6 18. Bxe6 Rf8 19. Bf4 Rd8 20. Bg4 Bg5 21. Rd1 Qa6 22. Rxd8+ Bxd8 23. Qd2 Nf6 24. Bf5 Kf7 25. e5 Nh5 26. Qd5+ 1-0

[Event "Fechenheim CC-ch 0203 4th"]
[Site "Frankfurt Fechenheim"]
[Date "2002.10.04"]
[Round "1"]
[White "Weber, Siegfried"]
[Black "Artmann, Juergen"]
[Result "0-1"]
[WhiteElo "1606"]
[BlackElo "1852"]
[PlyCount "56"]
[EventDate "2002.10.04"]
[EventType "swiss"]
[EventRounds "7"]
[EventCountry "GER"]
[SourceTitle "EXT 2010"]
[Source "ChessBase"]
[SourceDate "2010.11.25"]
[SourceVersion "1"]
[SourceVersionDate "2010.11.25"]
[SourceQuality "1"]

1. e4 d5 2. exd5 Qxd5 3. Nc3 Qa5 4. d4 c6 5. Bd3 Nf6 6. Nge2 Bg4 7. f3 Bh5 8. Bd2 e6 9. Nf4 Bg6 10. Nxg6 hxg6 11. Qe2 Qc7 12. 0-0-0 Rxh2 13. Bxg6 Rxh1 14. Rxh1 fxg6 15. Qxe6+ Kd8 16. Bg5 Qe7 17. Qh3 Nbd7 18. Qh4 Kc8 19. Re1 Qd8 20. Ne4 b6 21. Qh2 Be7 22. Nd6+ Bxd6 23. Qxd6 Qc7 24. Qe7 Qg3 25. Bxf6 gxf6 26. Qe6 Kc7 27. d5 cxd5 28. Qxd5 Qxe1+ 0-1

[Event "Oberliga Nord O 0102"]
[Site "Germany"]
[Date "2002.02.03"]
[Round "5.2"]
[White "Heuer, Thomas"]
[Black "Weber, Siegfried"]
[Result "1/2-1/2"]
[WhiteElo "2225"]
[BlackElo "2245"]
[PlyCount "81"]
[EventDate "2001.10.07"]
[EventType "team"]
[EventRounds "9"]
[EventCountry "GER"]
[SourceTitle "EXT 2002"]
[Source "ChessBase"]
[SourceDate "2001.11.25"]
[SourceVersion "1"]
[SourceVersionDate "2001.11.25"]
[SourceQuality "1"]
[WhiteTeam "Koenig Tegel II"]
[BlackTeam "Neukoelln II"]
[WhiteTeamCountry "GER"]
[BlackTeamCountry "GER"]

1. Nf3 Nf6 2. d4 d5 3. c4 e6 4. Nc3 Bb4 5. e3 0-0 6. Bd3 c5 7. 0-0 Nc6 8. a3 Bxc3 9. bxc3 dxc4 10. Bxc4 Qc7 11. Qe2 e5 12. Nxe5 Nxe5 13. dxe5 Qxe5 14. Bd3 Rd8 15. Rd1 Be6 16. Rb1 Ne4 17. Bxe4 Qxe4 18. Rb2 Bc4 19. Rbd2 Re8 20. Qh5 Bb3 21. Re1 b6 22. Qg5 h6 23. Qg3 Qc4 24. Bb2 Rad8 25. Rd6 h5 26. Rxd8 Rxd8 27. Qg5 Rd5 28. Qe7 Qe2 29. Qe8+ Kh7 30. Qe4+ g6 31. Qb1 Qc4 32. Qc1 f5 33. h3 Qd3 34. e4 fxe4 35. Qf4 Rf5 36. Qxe4 Qd2 37. Bc1 Qd6 38. Qe7+ Qxe7 39. Rxe7+ Rf7 40. Rxf7+ Bxf7 41. Bf4 1/2-1/2

[Event "Nord West Cup 04th"]
[Site "Bad Zwischenahn"]
[Date "2002.??.??"]
[Round "3"]
[White "Gutman, Lev"]
[Black "Weber, Siegfried"]
[Result "1-0"]
[WhiteElo "2474"]
[BlackElo "2246"]
[PlyCount "107"]
[EventDate "2002.02.??"]
[EventType "swiss"]
[EventRounds "7"]
[EventCountry "GER"]
[SourceTitle "EXT 2003"]
[Source "ChessBase"]
[SourceDate "2002.11.25"]
[SourceVersion "1"]
[SourceVersionDate "2002.11.25"]
[SourceQuality "1"]

1. Nf3 Nc6 2. d4 d5 3. Qd3 Bg4 4. Ne5 Nxe5 5. dxe5 Qd7 6. Nc3 0-0-0 7. Qd4 b6 8. e6 Bxe6 9. Bf4 c5 10. Qe5 Kb7 11. e4 f6 12. Qh5 d4 13. Be2 dxc3 14. 0-0 cxb2 15. Rab1 g6 16. Qf3 Bg4 17. Qxg4 Qxg4 18. Bxg4 Bh6 19. Bxh6 Nxh6 20. Be6 Rd2 21. Rxb2 Rhd8 22. Rb3 Kc7 23. Rh3 Kd6 24. Bb3 Ng4 25. Rxh7 g5 26. h4 gxh4 27. Rxh4 Ne5 28. f4 Nc6 29. c3 b5 30. Bf7 c4 31. a4 a6 32. axb5 axb5 33. Rh5 Rb8 34. Rc1 e6 35. f5 exf5 36. Rxf5 Ke7 37. Bd5 Ne5 38. Ra1 Ng4 39. Rf4 Ne3 40. Ra7+ Kd6 41. Rxf6+ Ke5 42. Re6+ Kf4 43. Rf7+ Kg5 44. Rg7+ Kf4 45. Bc6 Rd1+ 46. Kf2 Rd2+ 47. Ke1 Rxg2 48. Rf7+ Kg5 49. Re5+ Kg6 50. Rf3 Rh8 51. Be8+ Kg7 52. Re7+ Kg8 53. Bf7+ Kg7 54. Bh5+ 1-0

[Event "Fechenheim CC-ch 0001 2nd"]
[Site "Frankfurt Fechenheim"]
[Date "2001.01.05"]
[Round "4"]
[White "Traut, Stefan"]
[Black "Weber, Siegfried"]
[Result "1-0"]
[WhiteElo "2005"]
[BlackElo "2263"]
[PlyCount "47"]
[EventDate "2000.10.06"]
[EventType "swiss"]
[EventRounds "7"]
[EventCountry "GER"]
[SourceTitle "EXT 2010"]
[Source "ChessBase"]
[SourceDate "2010.11.25"]
[SourceVersion "1"]
[SourceVersionDate "2010.11.25"]
[SourceQuality "1"]

1. d4 d6 2. c4 g6 3. Nf3 Nf6 4. Nc3 Bg7 5. e4 0-0 6. Be2 a6 7. 0-0 Nbd7 8. h3 e5 9. Be3 exd4 10. Nxd4 Re8 11. f3 c6 12. Qd2 Qc7 13. Rfd1 Bf8 14. Rac1 b6 15. b3 Bb7 16. Nc2 Rad8 17. Bf2 Nb8 18. Ne3 c5 19. Re1 h5 20. Bh4 Be7 21. Bxf6 Bxf6 22. Ncd5 Bxd5 23. Nxd5 Bd4+ 24. Qxd4 1-0